000 00957nam a22002538a 4500
005 20081028142030.0
008 081015s2008 cau b 001 0 eng
010 _aENG-92206
020 _a9788182091863
_c350.00
020 _a8182091861
_c350.00
035 _aEN-75739
037 _bDBAD / PUB
040 _adpl
_bEnglish
082 _a658.15
100 _aPeriasamy, P.
245 _aFinancial management /
_cby P. Periasamy
260 _aChennai
_bVijay Nicole Imprints
_c2008
300 _aVarious pagings
_c24cm (pbk)
500 _aIncludes bibliographical references and index.
650 _aFinancial management
942 _2ddc
_cEN
_mPER
_h658.15
999 _c19872
_d19872